00289nam a2200121Ia 4500008004100000082001600041100001600057245002400073250000800097260003800105300000900143650001500152191201s2005 xx 000 0 und d a621.01bRAT aRAJPUT, R K 0aThermal Engineering a6th aN.DelhibLaxmi Publicationsc2005 a1671 aB.Tech(ME)